| 000 | 00000nam 2200000zi 4500 |
| 001 | 9.943239 |
| 003 | CaOODSP |
| 005 | 20241206111930 |
| 006 | m o d f |
| 007 | cr mn||||||||| |
| 008 | 240916s2024 nscab ob f000 0 fre d |
| 020 | |a9780660736419 |
| 040 | |aCaOODSP|bfre|erda|cCaOODSP |
| 043 | |an-cn-ns|an-cn-nk|aln----- |
| 086 | 1 |aFs23-752/2024F-PDF |
| 245 | 03|aLa biorégion du plateau néo-écossais et de la baie de Fundy : |bplan de gestion des refuges marins. |
| 246 | 17|aPlan de gestion des refuges marins dans la biorégion du plateau néo-écossais et de la baie de Fundy |
| 264 | 1|a[Dartmouth, N.-É.] : |bPêches et océans Canada = Fisheries and Oceans Canada, |c2024. |
| 300 | |a1 ressource en ligne (2 volumes) : |billustrations en couleur, cartes en couleur |
| 336 | |atexte|btxt|2rdacontent/fre |
| 337 | |ainformatique|bc|2rdamedia/fre |
| 338 | |aressource en ligne|bcr|2rdacarrier/fre |
| 500 | |aPublié aussi en anglais sous le titre : Scotian Shelf-Bay of Fundy bioregional marine refuge management plan. |
| 500 | |aTitre de la couverture. |
| 500 | |a« Publié par : Planification et conservation marines, Pêches et océans Canada … » -- Page 1. |
| 504 | |aComprend des références bibliographiques. |
| 505 | 0 |apart. I. Gestion des refuges marine -- part. II. Profiles des sites. |
| 520 | |a« La biorégion du plateau néo-écossais et de la baie de Fundy (PNE-BDF) abrite une vie marine riche et des écosystèmes productifs et diversifiés qui offrent nourriture et abri à une variété d'espèces, y compris des espèces revêtant une importance commerciale. La biorégion du PNE-BDF compte six refuges marins, … Le présent plan de gestion des refuges marins dans la biorégion du PNE-BDF vise à coordonner la gestion des refuges marins existants et futurs établis conformément à la Loi sur les pêches et aux Directives permettant de reconnaître d'autres mesures de conservation efficaces par zone en milieu marin du gouvernement du Canada (2022) en fournissant des orientations et des approches de gestion à la région des Maritimes du ministère des Pêches et des Océans (MPO), à d'autres autorités gouvernantes, aux utilisateurs des ressources marines et au public. Ce plan présente une vue d'ensemble de chaque refuge marin dans la biorégion du PNE-BDF ainsi qu'un aperçu des objectifs liés à la conservation, à la recherche et au suivi, aux dimensions sociales, culturelles et de gouvernance et aux changements climatiques. Les activités en cours ou les plus susceptibles d'être proposées dans ces refuges marins sont décrites, ainsi que la manière dont les mesures supplémentaires de gouvernance et de gestion soutiennent le cadre législatif, réglementaire et stratégique général. … » -- Part. I, Sommaire, page 7. |
| 650 | 6|aParcs marins|zNéo-écossaise, Plateforme|xGestion. |
| 650 | 6|aParcs marins|zFundy, Baie de|xGestion. |
| 650 | 6|aParcs marins|zNéo-écossaise, Plateforme|xPlanification. |
| 650 | 6|aParcs marins|zFundy, Baie de|xPlanification. |
| 650 | 6|aConservation des ressources marines|zNéo-écossaise, Plateforme. |
| 650 | 6|aConservation des ressources marines|zFundy, Baie de. |
| 710 | 1 |aCanada. |bMinistère des pêches et des océans, |eorganisme de publication. |
| 775 | 08|tScotian Shelf-Bay of Fundy bioregional marine refuge management plan.|w(CaOODSP)9.943238 |
| 856 | 40|qPDF|s43.2 Mo|uhttps://publications.gc.ca/collections/collection_2024/mpo-dfo/Fs23-752-2024-1-fra.pdf|z(part. I) |
| 856 | 40|qPDF|s24.0 Mo|uhttps://publications.gc.ca/collections/collection_2024/mpo-dfo/Fs23-752-2024-2-fra.pdf|z(part. II) |